| 000 | 00441nam a2200193Ia 4500 | ||
|---|---|---|---|
| 008 | 170918s9999 xx 000 0 und d | ||
| 020 | _a9780316222327 | ||
| 050 | _bH318pr 2013 | ||
| 100 | _aHarrison, Lisi | ||
| 245 | _aPretenders / | ||
| 245 | _cby Lisi Harrison. | ||
| 250 | _aFirst edition | ||
| 260 | _aUSA : | ||
| 260 | _bPoppy, | ||
| 260 | _c2013 | ||
| 300 | _a292 pages : | ||
| 300 | _billustrations ; | ||
| 300 | _c20cm. | ||
| 999 |
_c343763 _d343763 |
||